| 000 | 01489nam a2200337 i 4500 | ||
|---|---|---|---|
| 001 | 000034230 | ||
| 003 | DO-SdBNP | ||
| 005 | 20250924073803.0 | ||
| 006 | a||||gr|||| 00| 0 | ||
| 007 | ta | ||
| 008 | 110928t1986 dr 000 0 spa d | ||
| 040 |
_aDO-SdBNP _bspa _cBNPHU _erda |
||
| 082 |
_222 _bG216v |
||
| 100 | 1 |
_aGarcía, Juan Francisco, _d1892-1974 _958705 _eautor |
|
| 245 | 1 | 3 |
_aLa vida de Juan Francisco García / _cJuan Francisco García. |
| 260 |
_aSanto Domingo : _bUniversitaria-UASD, _c1986. |
||
| 264 | 4 |
_aSanto Domingo : _bUniversitaria -UASD, _c1986 |
|
| 300 |
_a47 páginas ; _c21 cm. |
||
| 336 |
_2rdacontent _atexto _btxt |
||
| 337 |
_2rdamedia _asinmediación _bn |
||
| 338 |
_2rdacarrier _avolumen _bnc |
||
| 500 | _aIncluye catálogo. | ||
| 505 | 0 |
_tDatos autobiográficos -- _tJuan Francisco García y su obra / _rBernarda Jorge -- _tPanegírico a la muerte del Maestro Juan Francisco García / _rManuel Rueda G. -- _tEl legado de Juan Francisco García / _rAída Bonnelly de Díaz -- _tHomenaje: El último viaje de Pancho García / _rEnrique de Marchena Dujarric -- _tJuan Francisco García: cronología -- _tCatálogo orquestales. |
|
| 590 | _aInventariado 2024 / MF | ||
| 650 | 4 |
_aMúsicos dominicanos _916091 |
|
| 650 | 4 |
_aCompositores _946382 |
|
| 650 | 4 |
_aMusica dominicana _xBiobibliografías _959649 |
|
| 830 |
_aPublicaciones de la Universidad Autónoma de Santo Domingo _vvolumen 409 _952 |
||
| 910 | _aValidado. Control de calidad EMS | ||
| 942 |
_2ddc _cLF2 |
||
| 999 |
_c33721 _d33721 |
||